000 01428nam a2200337 a 4500
001 ebr10509477
003 CaPaEBR
006 m u
007 cr cn|||||||||
008 800325s1979 ne sb 000 0 eng d
010 _z 80462290
020 _z902720909X
020 _z9789027209092
020 _z9789027281272 (e-book)
040 _aCaPaEBR
_cCaPaEBR
035 _a(OCoLC)757403699
041 0 _aeng
_abaq
050 1 4 _aPH5031
_b.W54 1979eb
100 1 _aWilbur, Terence H.
245 1 0 _aProlegomena to a grammar of Basque
_h[electronic resource] /
_cTerence H. Wilbur.
260 _aAmsterdam :
_bJ. Benjamins,
_c1979.
300 _ax, 188 p.
490 1 _aAmsterdam studies in the theory and history of linguistic science. Series 4, Current issues in linguistic theory,
_x0304-0763 ;
_vv. 8
504 _aIncludes bibliographical references.
533 _aElectronic reproduction.
_bPalo Alto, Calif. :
_cebrary,
_d2011.
_nAvailable via World Wide Web.
_nAccess may be limited to ebrary affiliated libraries.
650 0 _aBasque language
_xGrammar.
655 7 _aElectronic books.
_2local
710 2 _aebrary, Inc.
830 0 _aAmsterdam studies in the theory and history of linguistic science.
_nSeries IV,
_pCurrent issues in linguistic theory ;
_vv. 8.
856 4 0 _uhttp://site.ebrary.com/lib/rucke/Doc?id=10509477
_zAn electronic book accessible through the World Wide Web; click to view
999 _c116373
_d116373